000 00487nam a2200181Ia 4500
001 3241
005 20260306144906.0
008 260306t2013||||xx |||||||||||||| ||spa||
041 _aESP
082 _a262.91
_bF81E
100 _aFrancisco, Papa
_eAUT
245 0 _aEvangelii gaudium:
_bsobre el anuncio del evangelio en el mundo actual, exhortación apostólica
260 _c2013
300 _a223 páginas :
_c20 cm.
650 _aGEN
654 _aCHU
942 _cLIB
_dJUS
_fJUS
_2ddc
_n
999 _c3241
_d3241